ბათუმის შოთა რუსთაველის სახელმწიფო უნივერსიტეტის ბიბლიოთეკა

სტატისტიკის თეორია : (ბიბ.ჩანაწერი № 34659)

000 -ლიდერი
ფიქსირებული სიგრძის საკონტროლო ველი 01089nam a2200229Ia 4500
001 - საკონტროლო ნომერი
საკონტროლო ველი 436
003 - საკონტროლო ნომრის იდენტიფიკატორი
საკონტროლო ველი GE_BSU
005 - ბოლო ოპერაციის თარიღი და დრო
საკონტროლო ველი 20211222111736.0
008 - ფიქსირებული სიგრძის მონაცემთა ელემენტები - ზოგადი ინფორმაცია
ფიქსირებული სიგრძის საკონტროლო ველი 181216s2005||||ge |||||||||||||| ||geo||
040 ## - კატალოგიზაციის წყარო
Transcribing agency GE_BSU
080 ## - უნივერსალური ათობითი კლასიფიკაციის ინდექსი
Universal Decimal Classification number 31(075.8) გ–12
100 ## - მთავარი ჩანაწერი - პიროვნების სახელი
Personal name გაბიძაშვილი, ბ.
9 (RLIN) 11730
245 ## - ცნობა სათაურის შესახებ
Title სტატისტიკის თეორია :
Remainder of title სახელმძღვანელო /
Statement of responsibility, etc ბ. გაბიძაშვილი ; რედაქტორი : ს. გელაშვილი.
250 ## - გამოცემის ცნობა
Edition statement მე–2 შევს.და გადამუშავებული
264 ## - წარმოების, გამოცემის, დისტრიბუციის და სხვა ცნობები
გამოცემის, წარმოების, დისტრიბუციის... ადგილი თბილისი :
გამოცემის, წარმოების, დისტრიბუციის... სახელწოდება უნივერსალი,
გამოცემის, წარმოების, დისტრიბუციის... თარიღი 2005.
300 ## - ფიზიკური აღწერა
Extent 628 გვ.
653 ## - INDEX TERM--UNCONTROLLED
Uncontrolled term სტატისტიკის თეორია
653 ## - INDEX TERM--UNCONTROLLED
Uncontrolled term სტატისტიკა.
653 ## - INDEX TERM--UNCONTROLLED
Uncontrolled term სტატისტიკური მეთოდები. მათემატიკური სტატისტიკა.
700 ## - ADDED ENTRY--PERSONAL NAME
Personal name გელაშვილი, ს.
Relator term რედაქტორი
9 (RLIN) 5758
942 ## - ADDED ENTRY ELEMENTS (KOHA)
Koha item type წიგნი
Source of classification or shelving scheme
ეგზემპლარები
ჩამოწერის სტატუსი დაკარგული ეგზემპლარის სტატუსი კლასიფიკაციის წყარო ან თაროზე გაწყობის სქემა დაზიანების სტატუსი არ გაიცემა მუდმივი მდებარეობა (დაცვის ადგილი) ამჟამინდელი ადგილსამყოფელი თაროზე განთავსების ადგილი შეძენის თარიღი ღირებულება, შესყიდვის ნორმალური ფასი სრული შენახვის შიფრი შტრიხკოდი ბოლო ოპერაციის თარიღი ეგზემპლარის მიმდევრობითი ნომერი (კეტერი?) ფასის ძალაში შესვლის თარიღი ეგზემპლარის სახეობა საჯარო შენიშვნა
          ბათუმის შოთა რუსთაველის სახელმწიფო უნივერსიტეტის მთავარი ბიბლიოთეკა ბათუმის შოთა რუსთაველის სახელმწიფო უნივერსიტეტის მთავარი ბიბლიოთეკა წიგნსაცავი 2018-12-17 20.00 31(075.8) გ–12 1079 2018-12-17 1079 2018-12-17 წიგნი 20 ლ.